| 000 | 01147nam a2200385 c 4500 | ||
|---|---|---|---|
| 001 | a53079 | ||
| 003 | DO-SdBNP | ||
| 005 | 20171121103215.0 | ||
| 007 | a53079 | ||
| 008 | 130124s2009 ck | |||| 001 0 spa | ||
| 015 | _a | ||
| 017 |
_a _b |
||
| 020 | _a9781603966573 | ||
| 035 | _a | ||
| 040 |
_aBPMSU _bspa _cBPMSU _e |
||
| 080 | _a | ||
| 080 | _a | ||
| 082 | 4 |
_aPe864.44 _bV297s |
|
| 100 | 1 |
_aVargas Llosa, Mario, _d1936- |
|
| 245 | 1 | 0 |
_aSables y utopías : _bvisiones de América Latina / _cMario Vargas Llosa ; selección y prólogo Carlos Granés |
| 260 |
_aColombia : _bAguilar, _c2009 |
||
| 300 |
_a460 p. ; _c25 cm |
||
| 336 |
_aTexto (visual) _2isbdcontent |
||
| 337 |
_asin mediación _2isbdmedia |
||
| 500 | _aIncluye índices onomástico | ||
| 504 | _aBibliografía: p. 461-[466] | ||
| 504 | _a | ||
| 650 | 4 |
_aENSAYOS PERUANOS _y _2 |
|
| 650 | 4 | _aLITERATURA PERUANA | |
| 651 | 4 |
_aAMÉRICA LATINA _xPOLÍTICA Y GOBIERNO _y _2 |
|
| 700 | 1 |
_aGranés, Carlos, _d1975- _4 _epról. |
|
| 942 |
_2ddc _cBK |
||
| 945 | _aInventariado extranjero / 2017 VM | ||
| 956 |
_aVMATEO _b10 _c20160708 _dBPMSU _f00069 |
||
| 999 |
_c10776 _d10776 |
||